书目信息 |
| 题名: |
城市蔓延的多层次多维度测度和多尺度多策略空间回归建模
|
|
| 作者: | 曾晨 著 | |
| 分册: | ||
| 出版信息: | 北京 科学出版社 2016.06 |
|
| 页数: | 181页 | |
| 开本: | 26cm | |
| 丛书名: | ||
| 单 册: | ||
| 中图分类: | TU984.11 | |
| 科图分类: | ||
| 主题词: | 城市空间--研究 | |
| 电子资源: | ||
| ISBN: | 978-7-03-049226-5 | |
| 000 | 01149nam0 2200229 450 | |
| 001 | 4492 | |
| 005 | 20181012101919.46 | |
| 010 | @a978-7-03-049226-5@dCNY89.00 | |
| 100 | @a20160826d2016 em y0chiy50 ea | |
| 101 | 0 | @achi |
| 102 | @aCN@b110000 | |
| 105 | @ab z 000yy | |
| 200 | 1 | @a城市蔓延的多层次多维度测度和多尺度多策略空间回归建模@9cheng shi man yan de duo ceng ci duo wei du ce duo he duo chi du duo ce lue kong jian hui gui jian mo@f曾晨著 |
| 210 | @a北京@c科学出版社@d2016.06 | |
| 215 | @a181页@c地图@d26cm | |
| 300 | @a城市与区域研究系列 | |
| 330 | @a本书在国内外大量文献的综述基础上,对城市蔓延的表现、测度、建模等方面进行了多层次、多维度、多因素、多策略、多尺度的综合实验和分析。从理论体系上归纳了城市蔓延的定义和特点,阐明了其发展现状和趋势;从实证研究上对武汉市的城市蔓延进行了全面地定性和定量分析;从研究方法上综合考虑了城市蔓延的多面性和时空特征,并进行了全面而新颖的实验设计;从技术应用上集成和拓展了遥感、地理信息系统和空间回归等多种技术方法在城市蔓延测度和建模中的应用。 | |
| 606 | 0 | @a城市空间@x研究 |
| 690 | @aTU984.11@v5 | |
| 701 | 0 | @a曾晨@9zeng chen@4著 |
| 801 | 0 | @aCN@b91MARC@c20160826 |
| 905 | @aMuseLib@dTU984.11@e1456 | |
| 城市蔓延的多层次多维度测度和多尺度多策略空间回归建模/曾晨著.-北京:科学出版社,2016.06 |
| 181页:地图;26cm |
| 城市与区域研究系列 |
| ISBN 978-7-03-049226-5:CNY89.00 |
| 本书在国内外大量文献的综述基础上,对城市蔓延的表现、测度、建模等方面进行了多层次、多维度、多因素、多策略、多尺度的综合实验和分析。从理论体系上归纳了城市蔓延的定义和特点,阐明了其发展现状和趋势;从实证研究上对武汉市的城市蔓延进行了全面地定性和定量分析;从研究方法上综合考虑了城市蔓延的多面性和时空特征,并进行了全面而新颖的实验设计;从技术应用上集成和拓展了遥感、地理信息系统和空间回归等多种技术方法在城市蔓延测度和建模中的应用。 |
| ● |
| 相关链接 |
|
|
|
|
正题名:城市蔓延的多层次多维度测度和多尺度多策略空间回归建模
索取号:TU984.11/1456
 
预约/预借
| 序号 | 登录号 | 条形码 | 馆藏地/架位号 | 状态 | 备注 |
| 1 | 1125376 | 211253766 | 第二样本阅览室/ [索取号:TU984.11/1456] | 在馆 | |
| 2 | 1125377 | 211253775 | 第三借阅区/ [索取号:TU984.11/1456] | 在馆 | |
| 3 | 1125378 | 211253784 | 第三借阅区/ [索取号:TU984.11/1456] | 在馆 | |
| 4 | 1125379 | 211253793 | 第三借阅区/ [索取号:TU984.11/1456] | 在馆 | |
| 5 | 1125380 | 211253800 | 第三借阅区/ [索取号:TU984.11/1456] | 在馆 |